00270nam a2200097Ia 450000500170000000800410001724500780005826000140013630000110015065000110016120260328104313.0260328s9999||||xx |||||||||||||| ||und|| 0aWhat Life was Like in Europe's golden age Northern Europe Ad 1500-1675 / bTime Life a144 p. aEUROPA